Az utolsó Camus
Elmentve itt :
| Szerző: | |
|---|---|
| Adatforrás: | Meister |
| Forrásdokumentuma: | A Hét. - 8 sz., 1995, 16 p. |
| Nyelv: | magyar |
| Kulcsszavak: | irodalomtörténet CAMUS Albert |
| LEADER | 00334nab a2200133 i 4500 | ||
|---|---|---|---|
| 001 | bibPRO00005854 | ||
| 008 | 060524s1995 xx hun | ||
| 040 | |a Sz1 | ||
| 041 | |a hun | ||
| 100 | 1 | |a SZÁSZ János | |
| 245 | 1 | 3 | |a Az utolsó Camus |c SZÁSZ János |
| 695 | |a irodalomtörténet | ||
| 695 | |a CAMUS Albert | ||
| 773 | 0 | |t A Hét. - |g 8 sz., 1995, 16 p. | |